| 000 | 00597nam a22002297a 4500 | ||
|---|---|---|---|
| 001 | sjds | ||
| 003 | sjds | ||
| 005 | 20240403110229.0 | ||
| 008 | 240403b |||||||| |||| 00| 0 eng d | ||
| 020 | _a9780593375716 | ||
| 020 | _a0593375718 | ||
| 040 | _csjds | ||
| 041 | _aeng | ||
| 100 | 1 | _aEastman, P. D. | |
| 245 | 1 | 4 |
_aThe alphabet book / _cP. D. Eastman |
| 246 | _aThe alphabet book | ||
| 260 |
_aNew York : _bRandom House, _c2020 |
||
| 300 |
_a1 volume (unpaged) : _bcolor illustrations ; _c19 cm |
||
| 440 | _a Big bright and early board books | ||
| 500 | _aBoard book | ||
| 942 | _cBK | ||
| 999 |
_c29418 _d29416 |
||